Moderné prístupy marketingu a ich aplikácia v podmienkach vybraného podniku diplomová práca

Saved in:
Bibliographic Details
Main Author: Balokha, Anastasiia
Corporate Author: Fakulta podnikového manažmentu EU. Katedra podnikovohospodárska
Other Authors: Grančičová, Katarína, 1967-
Format: Book
Language:Slovak
Published: Bratislava 2025
Tags: Add Tag
No Tags, Be the first to tag this record!

MARC

LEADER 00000nbm a2200000 4500
001 0310021
005 20251211112643.4
041 0 |a slo 
044 |a SK 
245 1 0 |a Moderné prístupy marketingu a ich aplikácia v podmienkach vybraného podniku  |b diplomová práca  |c Anastasiia Balokha ; školiteľ: Katarína Grančičová 
264 1 |a Bratislava  |c 2025 
300 |a 80 s. 
100 1 |a Balokha, Anastasiia 
700 1 |a Grančičová, Katarína, 1967- 
710 2 |a Fakulta podnikového manažmentu EU. Katedra podnikovohospodárska